000 00903cam a22002891 4500
001 9266
003 BD-RjUL
005 20211208234740.0
008 140120r19591958nyua 001 0 eng d
035 _a(BD-RjUL)9311
035 _a(OCoLC)1678189
040 _aDLC
_cFM
_dDLC
_dBD-RjUL
_beng
041 _aeng
082 0 0 _a540.76
_bFRC 1959
100 1 _aFrey, Paul Reheard.
_928731
245 0 0 _aChemistry problems and how to solve them.
250 _a[5th ed.]
260 _aNew York,
_bBarnes & Novle
_c[1958]
300 _axxi, 228 p. :
_billus.
_c21 cm.
500 _aFirst published n 1938 under title: An outline of Mathematics and problems for students of general chemistry.
504 _aIncludes index.
650 0 _aChemistry
_xProblems, exercises, etc.
_928773
942 _2ddc
_cBK
999 _c9266
_d9266